|
|
|
|
| LEADER |
01643nam a2200301 a 4500 |
| 001 |
GR-Antirio993 |
| 008 |
140603s2008 gr g b 001 0 gre d |
| 020 |
|
|
|a 9789608760172
|
| 040 |
|
|
|a GrPaTEI
|b gre
|c GR-PaULI
|
| 040 |
|
|
|a GrPaTEI
|b gre
|c GR-PaULI
|
| 082 |
|
0 |
|a 515.84
|2 22
|
| 100 |
1 |
|
|a Κωνσταντινίδου, Μαρία Κ.
|
| 245 |
1 |
0 |
|a Λογισμός συναρτήσεων πολλών μεταβλητών :
|b θεωρία και ασκήσεις /
|c Μαρία Κωνσταντινίδου.
|
| 260 |
|
|
|a Θεσσαλονίκη :
|b Εκδόσεις Σοφία,
|c 2008
|
| 300 |
|
|
|a 483 σ. :
|b σχημ.
|
| 500 |
|
|
|a Σύστημα "ΕΥΔΟΞΟΣ": αρ. εισ. 9081
|
| 500 |
|
|
|a Τμήμα Μηχανικών Πληροφορικής Τ.Ε. (Αντίρριο)
|
| 504 |
|
|
|a Περιλαμβάνει βιβλιογραφία και ευρετήριο όρων.
|
| 610 |
|
4 |
|a Σύστημα ΕΥΔΟΞΟΣ
|
| 610 |
2 |
4 |
|a Τμήμα Μηχανικών Πληροφορικής Τ.Ε. (Αντίρριο)
|
| 650 |
|
4 |
|a Λογισμός
|x Προβλήματα, ασκήσεις κλπ.
|
| 650 |
|
4 |
|a Ολοκληρώματα
|x Προβλήματα, ασκήσεις κλπ.
|
| 650 |
|
4 |
|a Συναρτήσεις πολλών πραγματικών μετεβλητών
|
| 710 |
0 |
|
|a Εκδόσεις Σοφία
|
| 942 |
|
|
|2 ddc
|
| 952 |
|
|
|0 0
|1 0
|2 ddc
|4 0
|6 515_840000000000000_ΚΩΝ
|7 0
|9 262620
|a LISK-2
|b LISK-2
|c EUD
|d 2021-01-17
|e 24
|f 0
|g 0.00
|l 0
|o 515.84 ΚΩΝ
|p 2430000009081
|r 2021-01-17 00:00:00
|t 1
|w 2021-01-17
|y BK15
|x 20140603 0 ΧΑΣΑΝΗ 1
|x GrPaTEI - Antirrio
|
| 971 |
|
|
|a .b25707929
|b 16-04-20
|c 12-09-16
|
| 999 |
|
|
|c 151351
|d 151351
|